[Event "DSOL 07 Liga Gr-A 1st"]
[Site "Playchess.com INT"]
[Date "2020.07.21"]
[Round "5.1"]
[White "Neis, Michael"]
[Black "Wittenberg, Andreas"]
[Result "1-0"]
[WhiteElo "1645"]
[BlackElo "1817"]
[PlyCount "53"]
[EventDate "2020.06.22"]
[EventType "team-tourn (rapid)"]
[EventCountry "GER"]
[SourceTitle "EXT 2021"]
[Source "ChessBase"]
[SourceDate "2020.10.23"]
[SourceVersion "1"]
[SourceVersionDate "2020.10.23"]
[SourceQuality "1"]
[WhiteTeam "Rheinfelden"]
[BlackTeam "Hamburger SK IX"]
[WhiteTeamCountry "GER"]
[BlackTeamCountry "GER"]

1. d4 d5 2. Nf3 Nf6 3. Bf4 e6 4. e3 Nbd7 5. c4 Be7 6. Bd3 0-0 7. 0-0 Nh5 8. Qc2 f5 9. cxd5 Nxf4 10. exf4 exd5 11. Bxf5 Nf6 12. Nc3 c6 13. Rfe1 Qd6 14. Bxc8 Raxc8 15. Qb3 b6 16. Qa4 Qd7 17. Ne5 Qc7 18. Nxc6 Bd6 19. Ne5 Rfe8 20. Nb5 Qb8 21. Nxd6 Qxd6 22. Qxa7 Ra8 23. Qf7+ Kh8 24. Qxe8+ Nxe8 25. Nf7+ Kg8 26. Nxd6 Nxd6 27. Re6 1-0

[Event "BL2-West 1819"]
[Site "Germany"]
[Date "2019.04.07"]
[Round "9.5"]
[White "Fromme, Ernst"]
[Black "Wittenberg, Andreas"]
[Result "1/2-1/2"]
[WhiteElo "2142"]
[BlackElo "2221"]
[PlyCount "29"]
[EventDate "2018.11.21"]
[EventType "team-tourn"]
[EventRounds "9"]
[EventCountry "GER"]
[SourceTitle "CBM 190 Extra"]
[Source "ChessBase"]
[SourceDate "2019.07.15"]
[SourceVersion "1"]
[SourceVersionDate "2019.07.15"]
[SourceQuality "1"]
[WhiteTeam "Oberursel"]
[BlackTeam "Muelheim Nord II"]
[WhiteTeamCountry "GER"]
[BlackTeamCountry "GER"]

1. Nf3 c5 2. g3 b6 3. Bg2 Bb7 4. 0-0 Nf6 5. d3 d5 6. c4 e6 7. cxd5 Nxd5 8. Ne5 Bd6 9. Nc4 Be7 10. Bd2 0-0 11. Nc3 Nc6 12. Ne3 Nf6 13. Qa4 Qd7 14. Ne4 Rfd8 15. Rfe1 1/2-1/2

[Event "Oberliga NRW 1415"]
[Site "Germany"]
[Date "2014.12.14"]
[Round "4.3"]
[White "Wacker, Peter"]
[Black "Wittenberg, Andreas"]
[Result "0-1"]
[WhiteElo "2281"]
[BlackElo "2167"]
[PlyCount "68"]
[EventDate "2014.09.14"]
[EventType "team-tourn"]
[EventRounds "9"]
[EventCountry "GER"]
[SourceTitle "EXT 2017"]
[Source "ChessBase"]
[SourceDate "2016.10.25"]
[SourceVersion "1"]
[SourceVersionDate "2016.10.25"]
[SourceQuality "1"]
[WhiteTeam "Koeln SF"]
[BlackTeam "Muelheim Nord II"]
[WhiteTeamCountry "GER"]
[BlackTeamCountry "GER"]

1. d4 e6 2. c4 Bb4+ 3. Nc3 c5 4. e3 Bxc3+ 5. bxc3 d6 6. Bd3 e5 7. f4 exf4 8. exf4 Qf6 9. Nf3 Ne7 10. 0-0 0-0 11. Ng5 Bf5 12. g4 Bxd3 13. Qxd3 g6 14. Qh3 Qg7 15. f5 gxf5 16. gxf5 f6 17. Kh1 fxg5 18. Bxg5 Kh8 19. Bh6 Qf6 20. Bxf8 Qxf8 21. f6 Ng6 22. Rab1 b6 23. Rbe1 Na6 24. Qd7 Rd8 25. Qxa7 Nb8 26. Qxb6 Nd7 27. Qc7 Nxf6 28. Re6 Rd7 29. Qxd7 Qa8+ 30. Kg1 Nxd7 31. Rxd6 Qe8 32. Kg2 Qe4+ 33. Kg3 Qh4+ 34. Kg2 Qg4+ 0-1

[Event "Oberliga NRW 1314"]
[Site "Germany"]
[Date "2014.03.09"]
[Round "7.2"]
[White "Wittenberg, Andreas"]
[Black "Sielecki, Christof"]
[Result "0-1"]
[WhiteElo "2149"]
[BlackElo "2385"]
[PlyCount "66"]
[EventDate "2013.09.15"]
[EventType "team-tourn"]
[EventRounds "9"]
[EventCountry "GER"]
[SourceTitle "EXT 2015"]
[Source "ChessBase"]
[SourceDate "2014.11.20"]
[SourceVersion "1"]
[SourceVersionDate "2014.11.20"]
[SourceQuality "1"]
[WhiteTeam "Muelheim II"]
[BlackTeam "Dinslaken"]
[WhiteTeamCountry "GER"]
[BlackTeamCountry "GER"]

1. d4 e6 2. Nf3 c5 3. c4 Nf6 4. Nc3 cxd4 5. Nxd4 a6 6. g3 Qc7 7. Qa4 Bc5 8. Nf3 0-0 9. Bg2 Be7 10. Nb5 Qc6 11. 0-0 d6 12. Be3 Bd7 13. Rfd1 Qc8 14. Qa3 Ne8 15. Rac1 Nc6 16. Nbd4 h6 17. Nxc6 Bxc6 18. Bf4 Qc7 19. Qb3 e5 20. Be3 Nf6 21. Bb6 Qb8 22. Nh4 g6 23. Qd3 e4 24. Qe3 Nd7 25. Bd4 Bg5 26. Qc3 Bxc1 27. Qxc1 Kh7 28. Bh3 Nc5 29. Nf5 g5 30. Ne7 Bd7 31. Bxc5 Bxh3 32. Rxd6 Rd8 33. Rf6 Kg7 0-1

[Event "BEL-chT 1112"]
[Site "Belgium"]
[Date "2012.03.18"]
[Round "10.5"]
[White "Wittenberg, Andreas"]
[Black "Claesen, Pieter"]
[Result "1/2-1/2"]
[WhiteElo "2148"]
[BlackElo "2368"]
[PlyCount "61"]
[EventDate "2011.10.09"]
[EventType "team-tourn"]
[EventRounds "11"]
[EventCountry "BEL"]
[SourceTitle "EXT 2013"]
[Source "ChessBase"]
[SourceDate "2012.11.22"]
[SourceVersion "1"]
[SourceVersionDate "2012.11.22"]
[SourceQuality "1"]
[WhiteTeam "Eynatten"]
[BlackTeam "Fontaine"]
[WhiteTeamCountry "BEL"]
[BlackTeamCountry "BEL"]

1. d4 d5 2. Nf3 Nf6 3. c4 c6 4. e3 Bg4 5. Qb3 Qb6 6. Nc3 e6 7. Bd3 Nbd7 8. 0-0 Be7 9. Bd2 0-0 10. Qxb6 axb6 11. a4 Rfd8 12. cxd5 exd5 13. h3 Bxf3 14. gxf3 Nf8 15. b3 Ng6 16. Rfd1 Nh4 17. f4 Re8 18. Bc1 Bb4 19. Ne2 Ne4 20. Ba3 Bxa3 21. Rxa3 f5 22. Kf1 Re6 23. Rda1 Nf3 24. Ng1 Nfd2+ 25. Ke2 Rg6 26. Bxe4 Nxe4 27. Kf1 Nd2+ 28. Ke2 Ne4 29. Kf1 Nd2+ 30. Ke2 Ne4 31. Kf1 1/2-1/2

[Event "BEL-chT 1112"]
[Site "Belgium"]
[Date "2011.11.20"]
[Round "4.6"]
[White "Veltkamp, Gerben"]
[Black "Wittenberg, Andreas"]
[Result "0-1"]
[WhiteElo "2207"]
[BlackElo "2148"]
[PlyCount "126"]
[EventDate "2011.10.09"]
[EventType "team-tourn"]
[EventRounds "11"]
[EventCountry "BEL"]
[SourceTitle "EXT 2012"]
[Source "ChessBase"]
[SourceDate "2011.11.24"]
[SourceVersion "1"]
[SourceVersionDate "2011.11.24"]
[SourceQuality "1"]
[WhiteTeam "Borgerhout"]
[BlackTeam "Eynatten"]
[WhiteTeamCountry "BEL"]
[BlackTeamCountry "BEL"]

1. b3 d5 2. Bb2 Bf5 3. Nf3 e6 4. d3 Nf6 5. g3 Be7 6. Bg2 c5 7. Nbd2 Nc6 8. Nh4 Bg6 9. Nxg6 hxg6 10. e4 d4 11. f4 e5 12. Nc4 Bd6 13. Qf3 b5 14. Nxd6+ Qxd6 15. a4 b4 16. Bc1 0-0-0 17. g4 Nd7 18. f5 gxf5 19. exf5 e4 20. Qf4 Qxf4 21. Bxf4 Nce5 22. Bxe4 Nxg4 23. Kd2 Nf2 24. Rhf1 Nxe4+ 25. dxe4 Nf6 26. Rae1 Rde8 27. Kd3 Kd7 28. Re2 Rh3+ 29. Bg3 Ng4 30. Kc4 Kc6 31. Kd3 Nxh2 32. Rxh2 Rxg3+ 33. Kd2 Rxe4 34. f6 g5 35. Rff2 Kd6 36. Rh8 Rf4 37. Re2 Rxf6 38. Rd8+ Kc7 39. Rd5 Kc6 40. Rd8 Re6 41. Rf2 f6 42. Rf5 Rc3 43. Rg8 Rd6 44. Rc8+ Kb6 45. Rb8+ Kc7 46. Rb5 Rc6 47. a5 a6 48. Rb6 Rxb6 49. axb6+ Kxb6 50. Rxf6+ Kb5 51. Rg6 a5 52. Rxg5 a4 53. bxa4+ Kxa4 54. Rg8 b3 55. cxb3+ Kxb3 56. Rb8+ Kc4 57. Rc8 Rh3 58. Ra8 Rh2+ 59. Kd1 Kb3 60. Rd8 Kc3 61. Ra8 d3 62. Ra3+ Kd4 63. Ra8 c4 0-1

[Event "Dortmund Sparkassen op-A"]
[Site "Dortmund"]
[Date "2011.07.26"]
[Round "4"]
[White "Wittenberg, Andreas"]
[Black "Schmidt, Kai Uwe"]
[Result "1-0"]
[WhiteElo "2166"]
[BlackElo "2050"]
[PlyCount "45"]
[EventDate "2011.07.23"]
[EventType "swiss"]
[EventRounds "9"]
[EventCountry "GER"]
[SourceTitle "CBM 143 Extra"]
[Source "ChessBase"]
[SourceDate "2011.08.29"]
[SourceVersion "1"]
[SourceVersionDate "2011.08.29"]
[SourceQuality "1"]

1. d4 Nf6 2. Nf3 g6 3. g3 Bg7 4. Bg2 0-0 5. 0-0 d6 6. b3 a5 7. Bb2 c6 8. Re1 Ne4 9. Nbd2 f5 10. c4 c5 11. Qc2 Nxd2 12. Qxd2 cxd4 13. Nxd4 Na6 14. e4 fxe4 15. Bxe4 Bxd4 16. Qxd4 e5 17. Bd5+ Kg7 18. Qe3 Nb4 19. Be4 g5 20. Rad1 Qf6 21. c5 d5 22. Bxd5 Nc2 23. Qe2 1-0

[Event "Oberliga NRW 1011"]
[Site "Germany"]
[Date "2011.03.13"]
[Round "8.4"]
[White "Schmidt, Bodo"]
[Black "Wittenberg, Andreas"]
[Result "1-0"]
[WhiteElo "2376"]
[BlackElo "2143"]
[PlyCount "57"]
[EventDate "2010.09.26"]
[EventType "team-tourn"]
[EventRounds "9"]
[EventCountry "GER"]
[SourceTitle "EXT 2012"]
[Source "ChessBase"]
[SourceDate "2011.11.24"]
[SourceVersion "1"]
[SourceVersionDate "2011.11.24"]
[SourceQuality "1"]
[WhiteTeam "Godesberg"]
[BlackTeam "Muelheim Nord II"]
[WhiteTeamCountry "GER"]
[BlackTeamCountry "GER"]

1. d4 e6 2. Nf3 d5 3. g3 c6 4. Bg2 f5 5. 0-0 Nf6 6. b3 Nbd7 7. c4 Bd6 8. Ba3 Bxa3 9. Nxa3 Qe7 10. Nc2 0-0 11. Nce1 dxc4 12. bxc4 e5 13. e3 exd4 14. exd4 Nb6 15. c5 Nbd5 16. Nd3 f4 17. Re1 Qc7 18. Nfe5 Bf5 19. Qb3 fxg3 20. hxg3 Rad8 21. Rab1 Bc8 22. Nc4 Kh8 23. Nd6 Rxd6 24. cxd6 Qxd6 25. Ne5 b6 26. Rbc1 Bb7 27. Qc4 g6 28. Nxc6 Rc8 29. Ne5 1-0

[Event "Moehnesee Cup 36th"]
[Site "Moehnesee"]
[Date "2010.08.27"]
[Round "2"]
[White "Wittenberg, Andreas"]
[Black "Krishnasing, Ashley"]
[Result "0-1"]
[WhiteElo "2143"]
[BlackElo "1959"]
[PlyCount "54"]
[EventDate "2010.08.26"]
[EventType "swiss"]
[EventRounds "7"]
[EventCountry "GER"]
[SourceTitle "EXT 2011"]
[Source "ChessBase"]
[SourceDate "2010.11.26"]
[SourceVersion "1"]
[SourceVersionDate "2010.11.26"]
[SourceQuality "1"]

1. d4 Nf6 2. Nf3 e6 3. g3 b6 4. Bg2 Bb7 5. 0-0 Be7 6. c4 d6 7. d5 e5 8. Nc3 0-0 9. e4 Nbd7 10. Ne1 Ba6 11. b3 Ne8 12. f4 exf4 13. gxf4 Bf6 14. Bb2 g6 15. Nd3 Ng7 16. e5 dxe5 17. fxe5 Bxe5 18. Nxe5 Nxe5 19. Ne4 f5 20. Bxe5 fxe4 21. Bxe4 Qg5+ 22. Bg3 Qe3+ 23. Bf2 Qxe4 24. Qd2 Nh5 25. Rae1 Qg4+ 26. Kh1 Qf3+ 27. Kg1 Nf4 0-1

[Event "Vlissingen HZ op 14th"]
[Site "Vlissingen"]
[Date "2010.08.12"]
[Round "7"]
[White "Afek, Yochanan"]
[Black "Wittenberg, Andreas"]
[Result "1/2-1/2"]
[WhiteElo "2310"]
[BlackElo "2143"]
[PlyCount "68"]
[EventDate "2010.08.07"]
[EventType "swiss"]
[EventRounds "9"]
[EventCountry "NED"]
[SourceTitle "CBM 137 Extra"]
[Source "ChessBase"]
[SourceDate "2010.09.01"]
[SourceVersion "1"]
[SourceVersionDate "2010.09.01"]
[SourceQuality "1"]

1. e4 e6 2. d4 d5 3. e5 c5 4. c3 Nc6 5. Nf3 Bd7 6. Be2 Nge7 7. Na3 cxd4 8. cxd4 Nf5 9. Nc2 Qb6 10. 0-0 a5 11. b3 Be7 12. g4 Nh4 13. Nxh4 Bxh4 14. f4 Be7 15. Kg2 Nb4 16. Be3 Bb5 17. Nxb4 axb4 18. f5 Qa6 19. Bxb5+ Qxb5 20. Rf2 Rc8 21. Qd2 h5 22. fxe6 fxe6 23. Bg5 Qd7 24. Raf1 Qd8 25. Bxe7 Qxe7 26. g5 h4 27. Kh1 h3 28. g6 Rc3 29. a3 Qh4 30. Rf4 Qh5 31. Qf2 Qxg6 32. axb4 Rxb3 33. Rf8+ Kd7 34. Rxh8 Qe4+ 1/2-1/2